Digital Circuits and Systems (Record no. 2809)

MARC details
000 -LEADER
fixed length control field 00406nam a22001697a 4500
005 - DATE AND TIME OF LATEST TRANSACTION
control field 20160615150558.0
008 - FIXED-LENGTH DATA ELEMENTS--GENERAL INFORMATION
fixed length control field 160615b xxu||||| |||| 00| 0 eng d
020 ## - INTERNATIONAL STANDARD BOOK NUMBER
ISBN 978-0-07-107270-0
041 ## - LANGUAGE CODE
Language code of text/sound track or separate title eng
082 ## - DEWEY DECIMAL CLASSIFICATION NUMBER
Item number 7800
100 ## - MAIN ENTRY--AUTHOR NAME
Personal name Venugopal, K.R. & Shaila, K.
245 ## - TITLE STATEMENT
Title Digital Circuits and Systems
260 ## - PUBLICATION, DISTRIBUTION, ETC. (IMPRINT)
Name of publisher TMH
300 ## - PHYSICAL DESCRIPTION
Number of Pages 867
650 ## - SUBJECT ADDED ENTRY--TOPICAL TERM
Topical Term DIPLOMA ENGINEERING
942 ## - ADDED ENTRY ELEMENTS (KOHA)
Koha item type Books
Holdings
Lost status Damaged status Collection code Home library Current library Shelving location Date acquired Cost, normal purchase price Full call number Accession Number Koha item type
    Reference JRU Library   SHELF-72-B 15/06/2016 535.00 7800 7800 Books
      JRU Library   SHELF-39-E 15/06/2016 535.00 7800 7801 Books
      JRU Library   SHELF-39-E 15/06/2016 535.00 7800 7802 Books
      JRU Library   SHELF-39-E 15/06/2016 535.00 7800 7803 Books
    Reference JRU Library   SHELF-39-E 15/06/2016 535.00 7800 7804 Books